Das Bild von der Kirche in den Emmerich-Brentano-Schriften: ein Beitrag zur Erforschung antiaufklärerischer Kirchenfrömmigkeit in der ersten Hälfte des 19. Jahrhunderts
| Main Author: | |
|---|---|
| Format: | Print Article |
| Language: | German |
| Check availability: | HBZ Gateway |
| Interlibrary Loan: | Interlibrary Loan for the Fachinformationsdienste (Specialized Information Services in Germany) |
| Published: |
1981
|
| In: |
Münchener theologische Zeitschrift
Year: 1981, Volume: 32, Issue: 1, Pages: 33-45 |
| Standardized Subjects / Keyword chains: | B
Emmerich, Anna Katharina 1774-1824
/ Brentano, Clemens 1778-1842
/ Ecclesiology
/ Mystical theology
/ Holy See (motif)
|
MARC
| LEADER | 00000caa a2200000 c 4500 | ||
|---|---|---|---|
| 001 | 1863087702 | ||
| 003 | DE-627 | ||
| 005 | 20241129174813.0 | ||
| 007 | tu | ||
| 008 | 231013s1981 xx ||||| 00| ||ger c | ||
| 035 | |a (DE-627)1863087702 | ||
| 035 | |a (DE-576)463350804 | ||
| 035 | |a (DE-599)KXP1863087702 | ||
| 040 | |a DE-627 |b ger |c DE-627 |e rakwb | ||
| 041 | |a ger | ||
| 084 | |a 1 |2 ssgn | ||
| 100 | 1 | |0 (DE-588)11543688X |0 (DE-627)077252306 |0 (DE-576)162460724 |4 aut |a Overath, Joseph |d 1950- | |
| 109 | |a Overath, Joseph 1950- | ||
| 245 | 1 | 4 | |a Das Bild von der Kirche in den Emmerich-Brentano-Schriften |b ein Beitrag zur Erforschung antiaufklärerischer Kirchenfrömmigkeit in der ersten Hälfte des 19. Jahrhunderts |c von Joseph Overath |
| 264 | 1 | |c 1981 | |
| 336 | |a Text |b txt |2 rdacontent | ||
| 337 | |a ohne Hilfsmittel zu benutzen |b n |2 rdamedia | ||
| 338 | |a Band |b nc |2 rdacarrier | ||
| 601 | |a Beitrag | ||
| 689 | 0 | 0 | |d p |0 (DE-588)118530186 |0 (DE-627)194773175 |0 (DE-576)167290460 |2 gnd |a Emmerich, Anna Katharina |d 1774-1824 |
| 689 | 0 | 1 | |d p |0 (DE-588)118515055 |0 (DE-627)133421406 |0 (DE-576)160420695 |2 gnd |a Brentano, Clemens |d 1778-1842 |
| 689 | 0 | 2 | |d s |0 (DE-588)4070730-1 |0 (DE-627)106099396 |0 (DE-576)209181850 |2 gnd |a Ekklesiologie |
| 689 | 0 | 3 | |d s |0 (DE-588)4219305-9 |0 (DE-627)10502659X |0 (DE-576)210255269 |2 gnd |a Mystische Theologie |
| 689 | 0 | 4 | |d b |0 (DE-588)2009545-4 |0 (DE-627)101659261 |0 (DE-576)191644501 |2 gnd |a Katholische Kirche |
| 689 | 0 | |5 (DE-627) | |
| 773 | 0 | 8 | |i In |t Münchener theologische Zeitschrift |d St. Ottilien : EOS-Verl. Erzabtei St. Ottilien, 1950 |g 32(1981), 1, Seite 33-45 |w (DE-627)129474339 |w (DE-600)203039-1 |w (DE-576)014852195 |x 0580-1400 |7 nnas |
| 773 | 1 | 8 | |g volume:32 |g year:1981 |g number:1 |g pages:33-45 |
| 889 | |w (DE-627)1642129046 | ||
| 889 | |w (DE-627)831684151 | ||
| 935 | |a mteo | ||
| 935 | |i mdedup | ||
| 951 | |a AR | ||
| ELC | |b 1 | ||
| ITA | |a 1 |t 1 | ||
| LOK | |0 000 xxxxxcx a22 zn 4500 | ||
| LOK | |0 001 3305825332 | ||
| LOK | |0 003 DE-627 | ||
| LOK | |0 004 1863087702 | ||
| LOK | |0 005 20241129172238 | ||
| LOK | |0 008 160404||||||||||||||||ger||||||| | ||
| LOK | |0 040 |a DE-Tue135 |c DE-627 |d DE-Tue135 | ||
| LOK | |0 092 |o n | ||
| LOK | |0 852 |a DE-Tue135 | ||
| LOK | |0 852 1 |9 00 | ||
| LOK | |0 935 |a ixzs |a ixmi | ||
| LOK | |0 939 |a 04-04-16 |b l01 | ||
| ORI | |a SA-MARC-ixtheoa001.raw | ||
| STA | 0 | 0 | |a Ecclesiology,Church,Church,Holy See (motif),Catholic church,Catholic Church,Catholic Church,Former pilgrimage church Saint Ottilia,Mystical theology |
| STB | 0 | 0 | |a Ecclésiologie,Saint-Siège (motif),Église catholique,Église catholique,Théologie mystique |
| STC | 0 | 0 | |a Eclesiología,Movimiento juvenil católico,Teología mística |
| STD | 0 | 0 | |a Chiesa cattolica,Ecclesiologia,Teologia mistica |
| STE | 0 | 0 | |a 天主教会,罗马公教,奥秘神学,神秘神学,教会论,教会学 |
| STF | 0 | 0 | |a 天主教會,羅馬公教,奧秘神學,神秘神學,教會論,教會學 |
| STG | 0 | 0 | |a Eclesiologia,Igreja católica,Teologia mística |
| STH | 0 | 0 | |a Католическая церковь (мотив),Мистическое богословие,Экклезиология |
| STI | 0 | 0 | |a Εκκλησιολογία,Καθολική Εκκλησία (μοτίβο),Μυστικιστική θεολογία |
| SYG | 0 | 0 | |a Emmerich, Ana Catalina,1774-1824,Emmerich, A. K.,1774-1824,Emmerich, Ana Katarina,1774-1824,Emmerich, Anna Katalin,1774-1824,Emmerich, Anna Catharina,1774-1824,Emmerich, Anne-Catherine,1774-1824,Emmerich, Anna Katarzyna,1774-1824,Emmerich, Anna Katharina,Augustinerin, Deutschland,1774-1824,Emmerich, Katharina,1774-1824,Emmerich, Katharina von,1774-1824,Emmerich, Ono Kotryno,1774-1824,Emmerichová, Anna Kateřina,1774-1824,Emmerichová, Anna Katerina,Augustinerin, Deutschland,1774-1824,Emmerick, Anna Caterina,1774-1824,Emmerick, Anna Katalin,1774-1824,Emmerick, Anna Kath.,1774-1824,Emmerick, Anna Katharina,Augustinerin, Deutschland,1774-1824,Emmerick, Anna Katharina,1774-1824,Emmerick, Beata Anne Katherine,1774-1824 , Brentano, Clemens von,1778-1842,Brentano, Clemens Maria Wenzeslaus,1778-1842,Brentano, Clemens Maria,1778-1842,Brentano, Clemens M.,1778-1842,Brentano, Clemens Wenzel Maria,1778-1842,Brentano, Clemens W.,1778-1842,Brentano, Clément,1778-1842,Brentano, C.,1778-1842,Brentano, Klemens Maria,1778-1842,Brentano, Klemens,1778-1842,Burentano,1778-1842,Clemens,1778-1842,Von Brentano, Clemens,1778-1842,Maria,1778-1842,Bonaventura,1778-1842,Brentano de la Roche, Clemens Wenzlaus,1778-1842,Roche, Clemens Wenzlaus de la,1778-1842 , Kirchenbegriff,Kirchenverständnis , Theologia mystica , Katolikus Egyház,RCC,Katoličeskaj Cerkovʹ,Katoličke Cerkve,Katolska Cyrkej,Katolske Kirke,Ecclesia Catholica,Igreja Católica,Römisch-Katholische Kirche,Katholikē Ekklēsia,Catholic Church,Roman Catholic Church,Eglise Catholique,Eglise Catholique Romaine,Chiesa Cattolica,Katholieke Kerk,Iglesia Católica,Katolické Církve,Kościoł Katolicki,Katoličke Crkve,Eglise catholique romaine,Chiesa cattolica romana,Roman catholic Church,Eglise catholique,Römische Kirche , Eglise catholique,Roman Catholic Church,Catholic Church , Ehemalige Wallfahrtskirche Sankt Ottilia |